Der Neue hoch deutsche americanische Calender, auf das Jahr Christi, 1797 : ... Eingerichtet vor 40 Grad Norder-Breite, sonderlich vor Pennsylvanien; jedoch in den angrenzenden Staaten ohne merklichen Unterschied zu gebrauchen.

Bibliographic Details
Corporate Author: Gale (Firm)
Other Authors: Sower, Samuel, 1767-1820 (Printer)
Format: eBook
Language:English
Published: Baltimore : Gedruckt und zu finden bey Samuel Saur, [1796]
Edition:Zum Siebentenmal herausgegeben.
Subjects:
Online Access:Connect to the full text of this electronic book

MARC

Tag First Indicator Second Indicator Subfields
LEADER 00000cam a2200000 4500
001 in00003879021
005 20190415192715.0
006 m o d
007 cr |n||||||||n
008 820817s1796 xxu|||| o 00| | eng c
035 |a (CU-RivES)W22934 
035 |a (Uk-ES)006441069 
035 |a (OCoLC)511117669 
040 |a MWA  |c MWA  |d CU-RivES  |d CStRLIN  |d Cengage Gale  |d UtOrBLW 
050 4 |a Z1215  |b .D476 1796 
245 0 4 |a Der Neue hoch deutsche americanische Calender, auf das Jahr Christi, 1797 :  |b ... Eingerichtet vor 40 Grad Norder-Breite, sonderlich vor Pennsylvanien; jedoch in den angrenzenden Staaten ohne merklichen Unterschied zu gebrauchen. 
250 |a Zum Siebentenmal herausgegeben. 
264 1 |a Baltimore :  |b Gedruckt und zu finden bey Samuel Saur,  |c [1796] 
300 |a 1 online resource (40 unnumbered pages) :  |b illustrations ; 
336 |a text  |b txt  |2 rdacontent 
337 |a computer  |b c  |2 rdamedia 
338 |a online resource  |b cr  |2 rdacarrier 
500 |a The cover has a full page view of Baltimore. Cover title: Samuel Saur's Calender, auf das Jahr 1796. 
500 |a Remainder of imprint transcription: Auch können die auswärtigen Krämer solche bekommen, in Philadelphia, bey denen Herren Becker und Comp. David Saur und Daniel Bräutigam; in Lancäster, bey Hrn. Laumann, Zanzinger und Grundacker; in Kutztaun, bey Hrn. Herman; in Libanon, bey Hrn. Stöver; in Tulpehacken, bey Hrn. Spicker; in Reading, bey Hrn. Hahn, Dundas, Jungmann und andern; in Millerstaun, bey Hrn Schlauch; in Bethlehem, bey Hrn. Reich; in Easton, bey Herrn Opp; in Neu-Germantaun, bey Hrn. Miller; in Virginien, bey Hrn. Stauffer; in Baltimore, bey Hrn. Tschudy und Schulz; in Neu-York, bey Hrn. Leuthäuser und Feutner; und fast bey allen Buchhändlern zu Stadt und auf dem Land. 
509 |a Signatures: [A]⁴ B² C-F⁴ G² 
510 4 |a Evans,  |c 30838 
510 4 |a Drake, M. Almanacs,  |c 2250 
510 4 |a Minick, A.R. Maryland,  |c 309 
510 4 |a English Short Title Catalog,  |c W22934. 
500 |a Reproduction of original from Library of Congress. 
500 |a Electronic resource. 
655 7 |a Electronic books.  |2 local 
655 7 |a Almanacs.  |2 rbgenr 
655 7 |a Almanacs  |z Maryland  |y 1797.  |2 rbgenr 
700 1 |a Sower, Samuel,  |d 1767-1820,  |e printer.  |0 http://id.loc.gov/authorities/names/n88057272 
710 2 |a Gale (Firm)  |0 http://id.loc.gov/authorities/names/no2008071348 
740 0 |a Samuel Saur's Calender, auf das Jahr 1797. 
752 |a United States  |b Maryland  |d Baltimore. 
856 4 0 |u http://proxy.library.tamu.edu/login?url=http://find.galegroup.com/ecco/infomark.do?contentSet=ECCOArticles&docType=ECCOArticles&bookId=1462802300&type=getFullCitation&tabID=T001&prodId=ECCO&docLevel=TEXT_GRAPHICS&version=1.0&source=library&userGroupName=txshracd2898  |z Connect to the full text of this electronic book  |t 0 
999 f f |s 5fc4c3de-addc-316a-b145-2d0dd918db30  |i 712f43d2-d54e-3a80-b686-49b0255ba21c  |t 0 
952 f f |a Texas A&M University  |b College Station  |c Electronic Resources  |d Available Online  |t 0  |e Z1215 .D476 1796  |h Library of Congress classification 
998 f f |a Z1215 .D476 1796  |t 0  |l Available Online